Initiales médianes des présidents - Erreurs éliminatoires - Statistiques

Statistiques générales
  • Ce quiz a été pris 6 fois
  • Le résultat moyen est 8 sur 16
Statistiques - réponses
Prénom Initial Nom de famille % Correct
Franklin D Roosevelt
83%
John F Kennedy
83%
Donald J Trump
83%
Lyndon B Johnson
67%
Barack H Obama
67%
Rutherford B Hayes
50%
Dwight D Eisenhower
50%
John Q Adams
50%
Chester A Arthur
33%
Jimmy E Carter
33%
Warren G Harding
33%
William H Harrison
33%
William H Taft
33%
James K Polk
33%
Richard M Nixon
33%
Gerald R Ford
33%
Aucun quiz correspondant
Distribution des résultats
% des personnes avec chaque résultat
Percentile par nombre de réponses
Votre historique - résultats
Vous n’avez pas pris ce quiz